00485cam a22001337i 4500020001800000082001700018245008100035260003800116300002500154490005000179504006600229650002300295700003300318 a978032391772804a621.382222300aSignal processing and machine learning theory /cedited by Paulo S. R. Diniz aLondon :bAcademic Press,cc.2024 al, 11184p. ;bill. ;1 aAcademic Press library in signal processing ; aIncludes bibliographical references (p. 1151-1159) and index. 0aSignal processing.1 aDiniz, Paulo Sergio Ramirez,